| 000 | 00729nam a2200229 i 4500 | ||
|---|---|---|---|
| 001 | bg | ||
| 245 | 0 | 0 |
_aProblemy deformacji i destrukcji materiałów suszonych / _cpod red. Stefana Jana Kowalskiego. |
| 260 |
_aPoznań : _bWydaw. Politechniki Poznańskiej, _c2000. |
||
| 300 |
_a150 s. : _brys., wykr. ; _c24 cm. |
||
| 504 | _aBibliogr. przy rozdz. | ||
| 650 | 9 |
_aSuszarnictwo _xzagadnienia |
|
| 650 | 9 |
_aNaprężenia i odkształcenia _xbadanie |
|
| 650 | 9 |
_aWytrzymałość materiałów _xbadanie |
|
| 700 | 1 |
_aKOWALSKI, Jan. _eRed. |
|
| 020 | _a8371434499 | ||
| 040 | _cBPK | ||
| 041 | 0 | _apl | |
| 080 | _a66.047:620.17:539.3/.5 | ||
| 920 | _a83-7143-449-9 | ||
| 942 | _cKS | ||
| 008 | s pl f |000 0 pol | ||
| 999 |
_c39335 _d39335 |
||
| 856 |
_uhttp://koha.tu.koszalin.pl/cgi-bin/koha/opac-detail.pl?biblionumber=39335 _yKatalog online BPK |
||